| 000 | 00809nam a2200229Ia 4500 | ||
|---|---|---|---|
| 999 |
_c36068 _d36068 |
||
| 001 | 1968 | ||
| 003 | GE_BSU | ||
| 005 | 20221007112509.0 | ||
| 008 | 181216s2005ru xx |||||||||||||| ||rus|| | ||
| 040 | _cGE_BSU | ||
| 041 | _arus | ||
| 080 | _a347.73(075.8) П-18 | ||
| 100 |
_aПарыгина, В.А. _915130 |
||
| 245 |
_aБюджетное право и процесс : _bУчебники для вузов / _cВ.А. Парыгина, А.А. Тедеев. |
||
| 264 |
_aМосква : _bЭксмо, _c2005. |
||
| 300 |
_a384 стр. : _b21см. |
||
| 653 | _aБюджетное право и процесс | ||
| 653 | _aბიუჯეტის კანონი და პროცესი | ||
| 653 | _aსამართალი | ||
| 700 |
_aТедеев,А.А. _915131 |
||
| 942 |
_cBK _2udc |
||